000 00301nam a22001337a 4500
003 SGT
082 _a340,GAN
100 _aGANDHI, M.K.
245 _aTHE REMOVAL OF UNTOUCHABILITY
260 _aAHMEDABAD
_bNAVAJIVAN PUBLISHING HOUSE
_c1954
300 _a275
650 _aLAWBOOKS
942 _2ddc
_cBK
999 _c10163
_d10163